Estatísticas para Zâmbia

Clique aqui para jogar o quiz

Estatísticas Gerais

  • Esse quiz foi jogado 5 vezes
  • A pontuação média é 7 de 12

Estatísticas das Respostas

HintResposta% Correto
Onde fica?África
100%
Qual é o seu idioma?Inglês
100%
De que país é independente?Reino Unido
100%
Qual é a sua religião?Cristianismo
75%
Com que país faz fronteira a Leste?Malawi
75%
Com que país faz fronteira a Norte?República Democrática do Congo
75%
Com que país faz fronteira a Oeste?Angola
50%
Qual é o seu código ISO?ZMB
50%
Que famosas cataratas ficam no país?Cataratas de Vitória
25%
Qual é a sua capital?Lusaca
25%
Qual é a sua moeda?Kwacha zambiano
0%
Qual é o seu ponto mais alto?Monte Mafinga
0%

Distribuição das Pontuações

Percentil de Números Respondidos

Porcentagem de Pessoas com Cada Pontuação

Sua Pontuação Histórica

Você não jogou esse quiz